Giải phẫu thực vật

Sparad:
Bibliografiska uppgifter
Huvudupphovsman: Katherine Esau
Materialtyp: Bok
Språk:Undetermined
Publicerad: Hà Nội KHKT 1979
Ämnen:
Taggar: Lägg till en tagg
Inga taggar, Lägg till första taggen!
Thư viện lưu trữ: Trung tâm Học liệu Trường Đại học Cần Thơ
LEADER 00631nam a2200193Ia 4500
001 CTU_40141
008 210402s9999 xx 000 0 und d
082 |a 581.4 
082 |b E74/T2 
100 |a Katherine Esau 
245 0 |a Giải phẫu thực vật 
245 0 |c Katherine Esau; Dịch giả: Phạm Hải 
260 |a Hà Nội 
260 |b KHKT 
260 |c 1979 
526 |a Hình thái giải phẫu thực vật,TT. Hình thái giải phẫu thực vật 
526 |b SP178,SP179 
650 |a botany - anatomy,plant physiology 
980 |a Trung tâm Học liệu Trường Đại học Cần Thơ